Formas de comunidades autónomas - Estadísticas

Estadísticas generales
  • Esta prueba ha sido intentada 5.278 veces
  • La puntuación promedio es 15 de 17
Estadísticas de respuestas
Imagen Respuesta % Correcto
Islas Baleares
99%
Islas Canarias
99%
Comunidad de Madrid
95%
Comunidad Valenciana
95%
Asturias
94%
Cataluña
94%
Andalucía
92%
Galicia
90%
Extremadura
88%
Castilla-La Mancha
87%
Murcia
86%
Castilla y León
85%
Aragón
84%
País Vasco
83%
Cantabria
81%
Navarra
81%
La Rioja
79%
No se encontraron pruebas coincidentes
Distribución de puntuación
Porcentaje de gente con cada puntuación
Porcentaje por número respondido
Historial de tus puntuaciones
No has intentado esta prueba.